00437nam a22001217a 450000500170000000800410001704100130005808200150007110000130008624501640009930000260026365000260028920231102085823.0231102b |||||||| |||| 00| 0 eng d aEnglish  a346.6 NAM  lEnglish  aThe Namibian Close Corporation : CLE Seminar 1994 / cThe Law Society of Namibia together with the Centre of Business Law : University of the Orange Free State b133 pages ; c30 cm.  aLegal practice bLaw